Mechanika a molekulová fyzika (Testy)
Saved in:
| Main Authors: | , , |
|---|---|
| Other Authors: | , |
| Format: | Book |
| Language: | Slovak |
| Published: |
Ružomberok :
Verbum,
2011
|
| Subjects: | |
| Tags: |
No Tags, Be the first to tag this record!
|
MARC
| LEADER | 00000nam a22000003a 4500 | ||
|---|---|---|---|
| 001 | stu260293 | ||
| 005 | 20220317191009.0 | ||
| 008 | 130108s2011----xo------------------slo-d | ||
| 020 | |a 978-80-8084-667-1 | ||
| 040 | |a STU |b slo | ||
| 041 | 0 | |a slo | |
| 044 | |a xo | ||
| 080 | |a 531 |7 stu_us_auth*stu7974 | ||
| 100 | 1 | |a Labaš, Vladimír |4 aut |9 34 | |
| 245 | 1 | |a Mechanika a molekulová fyzika (Testy) | |
| 260 | |a Ružomberok : |b Verbum, |c 2011 | ||
| 300 | |a 187 s | ||
| 650 | 7 | |a mechanika |2 stusub | |
| 650 | 7 | |a molekulová fyzika |2 stusub | |
| 700 | 1 | |a Minárik, Stanislav |4 aut |9 33 | |
| 700 | 1 | |a Kubliha, Marian |4 aut |u M1000 |9 33 |U MTF Materiálovotechnologická fakulta |T MTF Ústav materiálov |X 4308 |U M1000 |Y 81 |7 4308 | |
| 700 | 1 | |a Čerňanský, Peter |4 rev | |
| 700 | 1 | |a Kozík, Tomáš |4 rev | |
| 996 | |b 284M084677 |c M*13422-1 |l MMST |s A |a 24 |w stu260293_0002 | ||
| 996 | |b 284M084678 |c M*13422-2 |l MMST |s A |a 24 |w stu260293_0003 | ||
| 996 | |b 284M084679 |c M*13422-3 |l MMST |s A |a 24 |w stu260293_0004 | ||
| 996 | |b 284M084680 |c M*13422-4 |l MMKN |s A |a 24 |w stu260293_0005 | ||
| 996 | |b 284M084681 |c M*13422-5 |l MMKN |s A |a 24 |w stu260293_0006 | ||